<?xml version="1.0" encoding="UTF-8"?>
<record
    xmlns:xsi="http://www.w3.org/2001/XMLSchema-instance"
    xsi:schemaLocation="http://www.loc.gov/MARC21/slim http://www.loc.gov/standards/marcxml/schema/MARC21slim.xsd"
    xmlns="http://www.loc.gov/MARC21/slim">

  <leader>00541nam a22001937a 4500</leader>
  <controlfield tag="005">20250715155614.0</controlfield>
  <controlfield tag="008">250715b        |||||||| |||| 00| 0 eng d</controlfield>
  <datafield tag="020" ind1=" " ind2=" ">
    <subfield code="a">978-14737-2539-3</subfield>
  </datafield>
  <datafield tag="050" ind1=" " ind2=" ">
    <subfield code="a">HB 172 .M36 2017</subfield>
    <subfield code="b">109211</subfield>
  </datafield>
  <datafield tag="100" ind1=" " ind2=" ">
    <subfield code="a">MANKIW,GREGORY N.</subfield>
  </datafield>
  <datafield tag="245" ind1=" " ind2=" ">
    <subfield code="a">MICROECONOMICS</subfield>
  </datafield>
  <datafield tag="250" ind1=" " ind2=" ">
    <subfield code="a">4TH EDITION</subfield>
  </datafield>
  <datafield tag="260" ind1=" " ind2=" ">
    <subfield code="a">LONDON</subfield>
    <subfield code="b">ANNABEL AINSCOW</subfield>
    <subfield code="c">2018</subfield>
  </datafield>
  <datafield tag="300" ind1=" " ind2=" ">
    <subfield code="a">III-423P.</subfield>
  </datafield>
  <datafield tag="500" ind1=" " ind2=" ">
    <subfield code="a">IT HAS BIBLIOGRAPHY INCLUDING GLOSSARY,INDEX AND LIST OF FORMULAS</subfield>
  </datafield>
  <datafield tag="650" ind1=" " ind2=" ">
    <subfield code="a">ECONOMICS</subfield>
  </datafield>
  <datafield tag="700" ind1=" " ind2=" ">
    <subfield code="a">TAYLOR MARK P.</subfield>
  </datafield>
  <datafield tag="942" ind1=" " ind2=" ">
    <subfield code="2">lcc</subfield>
    <subfield code="c">BK</subfield>
  </datafield>
  <datafield tag="999" ind1=" " ind2=" ">
    <subfield code="c">215896</subfield>
    <subfield code="d">215896</subfield>
  </datafield>
  <datafield tag="952" ind1=" " ind2=" ">
    <subfield code="0">0</subfield>
    <subfield code="1">0</subfield>
    <subfield code="2">lcc</subfield>
    <subfield code="4">0</subfield>
    <subfield code="6">HB0172 M36  02017</subfield>
    <subfield code="7">0</subfield>
    <subfield code="8">BUS</subfield>
    <subfield code="9">372435</subfield>
    <subfield code="a">KSUL</subfield>
    <subfield code="b">KSUL</subfield>
    <subfield code="c">DISPLAY</subfield>
    <subfield code="d">2025-07-15</subfield>
    <subfield code="i">109211</subfield>
    <subfield code="l">2</subfield>
    <subfield code="o">HB 172.M36 2017 </subfield>
    <subfield code="p">000000017511</subfield>
    <subfield code="r">2025-10-21 08:53:04</subfield>
    <subfield code="s">2025-10-09</subfield>
    <subfield code="t">C.1</subfield>
    <subfield code="w">2025-07-15</subfield>
    <subfield code="y">BK</subfield>
  </datafield>
  <datafield tag="952" ind1=" " ind2=" ">
    <subfield code="0">0</subfield>
    <subfield code="1">0</subfield>
    <subfield code="2">lcc</subfield>
    <subfield code="4">0</subfield>
    <subfield code="6">HB0172 M36  02017</subfield>
    <subfield code="7">0</subfield>
    <subfield code="8">BUS</subfield>
    <subfield code="9">372436</subfield>
    <subfield code="a">KSUL</subfield>
    <subfield code="b">KSUL</subfield>
    <subfield code="c">DISPLAY</subfield>
    <subfield code="d">2025-07-15</subfield>
    <subfield code="i">109212</subfield>
    <subfield code="l">0</subfield>
    <subfield code="o">HB 172.M36 2017 </subfield>
    <subfield code="p">0000000175</subfield>
    <subfield code="r">2025-07-15 16:03:49</subfield>
    <subfield code="t">2</subfield>
    <subfield code="w">2025-07-15</subfield>
    <subfield code="y">BK</subfield>
  </datafield>
  <datafield tag="952" ind1=" " ind2=" ">
    <subfield code="0">0</subfield>
    <subfield code="1">0</subfield>
    <subfield code="2">lcc</subfield>
    <subfield code="4">0</subfield>
    <subfield code="6">HB0172 M36  02017</subfield>
    <subfield code="7">0</subfield>
    <subfield code="8">BUS</subfield>
    <subfield code="9">372437</subfield>
    <subfield code="a">KSUL</subfield>
    <subfield code="b">KSUL</subfield>
    <subfield code="c">DISPLAY</subfield>
    <subfield code="d">2025-07-15</subfield>
    <subfield code="i">109213</subfield>
    <subfield code="l">0</subfield>
    <subfield code="o">HB 172.M36 2017 </subfield>
    <subfield code="r">2025-07-15 16:03:00</subfield>
    <subfield code="t">3</subfield>
    <subfield code="w">2025-07-15</subfield>
    <subfield code="y">BK</subfield>
  </datafield>
  <datafield tag="952" ind1=" " ind2=" ">
    <subfield code="0">0</subfield>
    <subfield code="1">0</subfield>
    <subfield code="2">lcc</subfield>
    <subfield code="4">0</subfield>
    <subfield code="6">HB0172 M36  02017</subfield>
    <subfield code="7">0</subfield>
    <subfield code="8">BUS</subfield>
    <subfield code="9">372438</subfield>
    <subfield code="a">KSUL</subfield>
    <subfield code="b">KSUL</subfield>
    <subfield code="c">DISPLAY</subfield>
    <subfield code="d">2025-07-15</subfield>
    <subfield code="i">109214</subfield>
    <subfield code="l">1</subfield>
    <subfield code="o">HB 172.M36 2017 </subfield>
    <subfield code="p">000000017516</subfield>
    <subfield code="r">2025-12-03 10:37:20</subfield>
    <subfield code="s">2025-11-21</subfield>
    <subfield code="t">4</subfield>
    <subfield code="w">2025-07-15</subfield>
    <subfield code="y">BK</subfield>
  </datafield>
  <datafield tag="952" ind1=" " ind2=" ">
    <subfield code="0">0</subfield>
    <subfield code="1">0</subfield>
    <subfield code="2">lcc</subfield>
    <subfield code="4">0</subfield>
    <subfield code="6">HB0172 M36  02017</subfield>
    <subfield code="7">0</subfield>
    <subfield code="8">BUS</subfield>
    <subfield code="9">372439</subfield>
    <subfield code="a">KSUL</subfield>
    <subfield code="b">KSUL</subfield>
    <subfield code="c">DISPLAY</subfield>
    <subfield code="d">2025-07-15</subfield>
    <subfield code="i">109215</subfield>
    <subfield code="l">0</subfield>
    <subfield code="o">HB 172.M36 2017 </subfield>
    <subfield code="p">000000018033</subfield>
    <subfield code="r">2025-07-15 16:03:00</subfield>
    <subfield code="t">5</subfield>
    <subfield code="w">2025-07-15</subfield>
    <subfield code="y">BK</subfield>
  </datafield>
  <datafield tag="952" ind1=" " ind2=" ">
    <subfield code="0">0</subfield>
    <subfield code="1">0</subfield>
    <subfield code="2">lcc</subfield>
    <subfield code="4">0</subfield>
    <subfield code="6">HB0172 M36  02017</subfield>
    <subfield code="7">0</subfield>
    <subfield code="8">BUS</subfield>
    <subfield code="9">372440</subfield>
    <subfield code="a">KSUL</subfield>
    <subfield code="b">KSUL</subfield>
    <subfield code="c">DISPLAY</subfield>
    <subfield code="d">2025-07-15</subfield>
    <subfield code="i">109216</subfield>
    <subfield code="l">0</subfield>
    <subfield code="o">HB 172.M36 2017 </subfield>
    <subfield code="p">000000018037</subfield>
    <subfield code="r">2025-07-15 16:11:59</subfield>
    <subfield code="t">6</subfield>
    <subfield code="w">2025-07-15</subfield>
    <subfield code="y">BK</subfield>
  </datafield>
  <datafield tag="952" ind1=" " ind2=" ">
    <subfield code="0">0</subfield>
    <subfield code="1">0</subfield>
    <subfield code="2">lcc</subfield>
    <subfield code="4">0</subfield>
    <subfield code="6">HB0172 M36  02017</subfield>
    <subfield code="7">0</subfield>
    <subfield code="8">BUS</subfield>
    <subfield code="9">372441</subfield>
    <subfield code="a">KSUL</subfield>
    <subfield code="b">KSUL</subfield>
    <subfield code="c">DISPLAY</subfield>
    <subfield code="d">2025-07-15</subfield>
    <subfield code="i">109217</subfield>
    <subfield code="l">0</subfield>
    <subfield code="o">HB 172.M36 2017 </subfield>
    <subfield code="p">000000018036</subfield>
    <subfield code="r">2025-07-15 16:11:00</subfield>
    <subfield code="t">7</subfield>
    <subfield code="w">2025-07-15</subfield>
    <subfield code="y">BK</subfield>
  </datafield>
  <datafield tag="952" ind1=" " ind2=" ">
    <subfield code="0">0</subfield>
    <subfield code="1">0</subfield>
    <subfield code="2">lcc</subfield>
    <subfield code="4">0</subfield>
    <subfield code="6">HB0172 M36  02017</subfield>
    <subfield code="7">0</subfield>
    <subfield code="8">BUS</subfield>
    <subfield code="9">372442</subfield>
    <subfield code="a">KSUL</subfield>
    <subfield code="b">KSUL</subfield>
    <subfield code="c">DISPLAY</subfield>
    <subfield code="d">2025-07-15</subfield>
    <subfield code="i">109218</subfield>
    <subfield code="l">1</subfield>
    <subfield code="o">HB 172.M36 2017 </subfield>
    <subfield code="p">000000018035</subfield>
    <subfield code="r">2026-02-08 10:35:49</subfield>
    <subfield code="s">2025-12-16</subfield>
    <subfield code="t">8</subfield>
    <subfield code="w">2025-07-15</subfield>
    <subfield code="y">BK</subfield>
  </datafield>
  <datafield tag="952" ind1=" " ind2=" ">
    <subfield code="0">0</subfield>
    <subfield code="1">0</subfield>
    <subfield code="2">lcc</subfield>
    <subfield code="4">0</subfield>
    <subfield code="6">HB0172 M36  02017</subfield>
    <subfield code="7">0</subfield>
    <subfield code="8">BUS</subfield>
    <subfield code="9">372443</subfield>
    <subfield code="a">KSUL</subfield>
    <subfield code="b">KSUL</subfield>
    <subfield code="c">DISPLAY</subfield>
    <subfield code="d">2025-07-15</subfield>
    <subfield code="i">109219</subfield>
    <subfield code="l">0</subfield>
    <subfield code="o">HB 172.M36 2017 </subfield>
    <subfield code="p">000000018034</subfield>
    <subfield code="r">2025-10-02 12:24:44</subfield>
    <subfield code="t">9</subfield>
    <subfield code="w">2025-07-15</subfield>
    <subfield code="y">BK</subfield>
  </datafield>
</record>
